La evaluación interactiva: orientaciones metodológicas para un trabajo participativo en el terreno

Saved in:
Bibliografiske detaljer
Hovedforfatter: Briones, Guillermo (Author)
Format: Bog
Sprog:spansk
Udgivet: Santiago P.I.I.E 1988
Fag:
Tags: Tilføj Tag
Ingen Tags, Vær først til at tagge denne postø!

MARC

LEADER 00000nam a2200000 a 4500
001 UCW4254
003 CL-VaPUC
008 891121e19880000CL |||||||||||||||||spa|d
082 0 4 |a 371.27  |b BRI  |2 21 
100 0 |a Briones, Guillermo  |e author  |9 308887 
245 1 3 |a La evaluación interactiva: orientaciones metodológicas para un trabajo participativo en el terreno 
300 |a 112 p 
942 |c BK 
945 |d 19891121 00:00:00 
260 |a Santiago  |b P.I.I.E  |c 1988 
650 0 |a Evaluación de la educación   |9 237505 
650 7 |a TESTS Y MEDICIONES EDUCACIONALES  |2 CL-VaPUC  |9 308719 
650 7 |a EDUCACION METODOLOGIA  |2 CL-VaPUC  |9 308875 
583 |a last modification  |c 19891121 00:00:00  |k Rodrigo Vera 
999 |c 218029  |d 218027 
952 |0 0  |1 0  |4 0  |6 371_270000000000000_BRI_1988  |7 0  |8 P  |9 206845  |a BIBEDU  |b BIBEDU  |c BIBEDU_PB  |d 2019-11-15  |i 2746611  |o 371.27 BRI 1988  |p 2746611  |r 2024-01-25  |w 2019-11-15  |y BK  |k EDU 
952 |0 0  |1 0  |4 0  |6 371_270000000000000_BRI_1988  |7 0  |8 P  |9 206846  |a BIBEDU  |b BIBEDU  |c BIBEDU_PB  |d 2019-11-15  |i 274662K  |o 371.27 BRI 1988  |p 274662K  |r 2024-01-25  |w 2019-11-15  |y BK  |k EDU 
952 |0 0  |1 0  |4 0  |6 371_270000000000000_BRI_1988  |7 0  |8 P  |9 206847  |a BIBEDU  |b BIBEDU  |c BIBEDU_PB  |d 2019-11-15  |i 2746638  |o 371.27 BRI 1988  |p 2746638  |r 2024-01-25  |w 2019-11-15  |y BK  |k EDU